| 000 | 00680nam a2200229Ia 4500 | ||
|---|---|---|---|
| 005 | 20231123090840.0 | ||
| 008 | 140110s9999 xx 000 0 und d | ||
| 020 |
_a9781591144618 _cRs.791.21 |
||
| 040 | _aLoreto College | ||
| 041 | _aEnglish | ||
| 082 |
_a327 _bLAC |
||
| 245 | 4 |
_aThe canons of jihad _bTerrorist's strategy for defeating America _cEdited by Jim Lacey |
|
| 260 |
_aAnnapolis _bNaval Institute Press _c2008 |
||
| 300 |
_ax,187p _bill. |
||
| 504 | _aIncludes index | ||
| 630 | _aIslam and politics | ||
| 650 | _aAnti-Americanism-Islamic countries-Sources | ||
| 651 | _aTerrorism-History-Sources | ||
| 700 | _aLacey,Jim,ed | ||
| 850 | _aLCLIB | ||
| 942 | _cBK | ||
| 999 |
_c26729 _d77208 |
||